[Event "EU-ch U10"]
[Site "Bratislava"]
[Date "2019.08.09"]
[Round "8"]
[White "Panda, Barnabas"]
[Black "Cruceru Uceanu, Tudor Mihai"]
[Result "1/2-1/2"]
[WhiteElo "1675"]
[BlackElo "1234"]
[PlyCount "74"]
[EventDate "2019.08.02"]
[EventType "swiss"]
[EventRounds "9"]
[EventCountry "SVK"]
[SourceTitle "EXT 2020"]
[Source "ChessBase"]
[SourceDate "2019.10.17"]
[SourceVersion "1"]
[SourceVersionDate "2019.10.17"]
[SourceQuality "1"]

1. d4 Nf6 2. c4 e6 3. Nc3 Bb4 4. e3 d5 5. Nf3 0-0 6. Bd3 c5 7. 0-0 Nc6 8. a3 Bxc3 9. bxc3 dxc4 10. Bxc4 Qc7 11. Qc2 e5 12. Bd3 b6 13. Bb2 Bb7 14. c4 exd4 15. exd4 cxd4 16. Nxd4 Ne7 17. Nf5 Nxf5 18. Bxf5 Qc6 19. f3 h6 20. Rfe1 Rfe8 21. Rad1 Rxe1+ 22. Rxe1 Re8 23. Rd1 Bc8 24. Bd3 Nd7 25. Be4 Qc5+ 26. Bd4 Qg5 27. Qa4 a5 28. Bxb6 Rxe4 29. fxe4 Nxb6 30. Qe8+ Kh7 31. Qxf7 Qe3+ 32. Qf2 Qb3 33. Qe2 Ba6 34. e5 Qxc4 35. Qxc4 Nxc4 36. e6 Kg6 37. Re1 Bb5 1/2-1/2

[Event "EU-ch U10"]
[Site "Bratislava"]
[Date "2019.08.04"]
[Round "3"]
[White "Kozlovic, Jernej"]
[Black "Panda, Barnabas"]
[Result "0-1"]
[WhiteElo "1332"]
[BlackElo "1675"]
[PlyCount "176"]
[EventDate "2019.08.02"]
[EventType "swiss"]
[EventRounds "9"]
[EventCountry "SVK"]
[SourceTitle "EXT 2020"]
[Source "ChessBase"]
[SourceDate "2019.10.17"]
[SourceVersion "1"]
[SourceVersionDate "2019.10.17"]
[SourceQuality "1"]

1. e4 c5 2. c3 d5 3. exd5 Qxd5 4. d4 Nf6 5. Nf3 Bg4 6. Be2 e6 7. h3 Bh5 8. 0-0 Nc6 9. Be3 cxd4 10. cxd4 Be7 11. Nc3 Qd8 12. Qa4 0-0 13. Rfd1 Nb4 14. Ne5 Bxe2 15. Nxe2 Nbd5 16. Bg5 Ne4 17. Bxe7 Qxe7 18. Rac1 Rfd8 19. Nc3 Nexc3 20. bxc3 Nb6 21. Qb3 Rac8 22. a4 f6 23. Nf3 Nc4 24. Nd2 Na5 25. Qb5 Rd5 26. Qb4 Qc7 27. Nb3 Nxb3 28. Qxb3 Rcd8 29. Rb1 b6 30. Re1 Qc6 31. Re3 Kf7 32. Rbe1 Re8 33. Kh2 Ra5 34. Ra1 b5 35. Qb4 Rxa4 36. Rxa4 bxa4 37. c4 Rd8 38. Ra3 Rxd4 39. Rxa4 Qc7+ 40. g3 Kg6 41. Qc3 e5 42. Qc2+ e4 43. f3 Qd7 44. Ra2 Qc6 45. c5 f5 46. fxe4 Rxe4 47. Rxa7 Qe6 48. Ra2 Rc4 49. Qf2 Rxc5 50. Rb2 Rc6 51. Re2 Qf6 52. Qf4 Re6 53. Rd2 Re4 54. Qf3 Qb6 55. Rf2 Qe6 56. h4 Qe5 57. Kg2 Re3 58. Qf4 Qxf4 59. Rxf4 Kf6 60. g4 g6 61. gxf5 gxf5 62. Kf2 Re4 63. Rf3 Rxh4 64. Ra3 Kg5 65. Ra8 h5 66. Kg3 Rg4+ 67. Kf3 Kh4 68. Rf8 Kg5 69. Rg8+ Kf6 70. Rf8+ Ke6 71. Re8+ Kf7 72. Ra8 h4 73. Rh8 Kg7 74. Rh5 Kg6 75. Rh8 Kf6 76. Rf8+ Ke5 77. Re8+ Kf6 78. Rf8+ Ke6 79. Re8+ Kf7 80. Rh8 Ra4 81. Rh7+ Kg6 82. Rh8 Ra3+ 83. Kf4 h3 84. Rg8+ Kh7 85. Rg5 Ra4+ 86. Kf3 Kh6 87. Rg1 Rh4 88. Kg3 Rg4+ 0-1

[Event "HUN-ch U10"]
[Site "Balatonlelle"]
[Date "2019.06.26"]
[Round "8"]
[White "Panda, Barnabas"]
[Black "Baki, Bence"]
[Result "1/2-1/2"]
[WhiteElo "1722"]
[BlackElo "1174"]
[PlyCount "80"]
[EventDate "2019.06.21"]
[EventType "swiss"]
[EventRounds "9"]
[EventCountry "HUN"]
[SourceTitle "CBM 191 Extra"]
[Source "ChessBase"]
[SourceDate "2019.09.30"]
[SourceVersion "1"]
[SourceVersionDate "2019.09.30"]
[SourceQuality "1"]

1. d4 d5 2. c4 Nc6 3. cxd5 Qxd5 4. e3 e5 5. Nc3 Bb4 6. Bd2 Bxc3 7. Bxc3 exd4 8. exd4 Be6 9. Qf3 0-0-0 10. Qxd5 Bxd5 11. Rd1 Bxa2 12. Bb5 Nge7 13. Ne2 Bd5 14. 0-0 a6 15. Bd3 Bb3 16. Rd2 Nd5 17. h3 Nxc3 18. bxc3 Na5 19. Rb2 Nc4 20. Rxb3 Nd2 21. Rb2 Nxf1 22. Kxf1 c5 23. f3 cxd4 24. Nxd4 g6 25. Bc4 Rd7 26. f4 Rc7 27. Bd5 Rd8 28. c4 b5 29. Nxb5 axb5 30. Rxb5 Kd7 31. c5 Rdc8 32. c6+ Rxc6 33. Bxc6+ Rxc6 34. Rb7+ Rc7 35. Rxc7+ Kxc7 36. Ke2 Kd6 37. Kd2 f5 38. g4 Ke6 39. Ke3 Kd5 40. Kd3 Kc5 1/2-1/2

[Event "HUN-ch U10"]
[Site "Balatonlelle"]
[Date "2019.06.21"]
[Round "1"]
[White "Panda, Barnabas"]
[Black "Nagy, Levente2222"]
[Result "1-0"]
[WhiteElo "1722"]
[BlackElo "1198"]
[PlyCount "75"]
[EventDate "2019.06.21"]
[EventType "swiss"]
[EventRounds "9"]
[EventCountry "HUN"]
[SourceTitle "CBM 191 Extra"]
[Source "ChessBase"]
[SourceDate "2019.09.30"]
[SourceVersion "1"]
[SourceVersionDate "2019.09.30"]
[SourceQuality "1"]

1. d4 Nf6 2. c4 g6 3. Nc3 Bg7 4. e4 0-0 5. e5 Ne8 6. f4 d6 7. Nf3 b6 8. Bd3 c5 9. Be4 Nc6 10. Bxc6 Rb8 11. Be3 Nc7 12. 0-0 cxd4 13. Bxd4 Ne6 14. Be3 Qc7 15. Nd5 Qd8 16. Qa4 a6 17. exd6 exd6 18. Qb3 Nc5 19. Bxc5 dxc5 20. Rad1 Be6 21. Ne5 Bxe5 22. fxe5 Bxd5 23. Bxd5 Qc7 24. e6 fxe6 25. Bxe6+ Kh8 26. Rxf8+ Rxf8 27. Rd7 Qf4 28. Qc3+ Rf6 29. Qf3 Qxf3 30. gxf3 Rxe6 31. Kf2 a5 32. b3 Kg8 33. a4 Kh8 34. f4 Kg8 35. Kf3 Kh8 36. Kg4 Re3 37. Kg5 Rxb3 38. Kf6 1-0